[Event "I Open Re Autunno"]
[Site "Ghedi ITA"]
[Date "2014.11.09"]
[Round "2"]
[White "Fausti, Mattia"]
[Black "Pesci, Silvio"]
[WhiteElo "1466"]
[BlackElo "1425"]
[Result "1-0"]
[PlyCount "59"]
[EventDate "2014.11.08"]

1. d4 d5 2. Nf3 Nf6 3. e3 Bg4 4. Nbd2 Nc6 5. Bd3 e5 6. dxe5 Nxe5 7. h3 Bh5 8.
g4 Nxd3+ 9. cxd3 Bg6 10. Qc2 Bd6 11. e4 Qe7 12. e5 Nd7 13. O-O Nxe5 14. Nxe5
Bxe5 15. Nf3 O-O 16. Re1 f6 17. Bf4 Qd6 18. Nxe5 fxe5 19. Bxe5 Qd7 20. Bxc7 Rf3
21. Re3 Raf8 22. Rf1 R3f7 23. Ba5 Re8 24. Rxe8+ Qxe8 25. Qb3 Qd7 26. f4 Re7 27.
f5 Bf7 28. d4 Qd6 29. Bb4 Qg3+ 30. Qxg3 1-0

[Event "I Open Re Autunno"]
[Site "Ghedi ITA"]
[Date "2014.11.09"]
[Round "2"]
[White "Fuccio, Sergio"]
[Black "Rrasa, Elvan"]
[WhiteElo "1882"]
[BlackElo "1698"]
[Result "1-0"]
[PlyCount "65"]
[EventDate "2014.11.08"]

1. Nf3 f5 2. b3 Nf6 3. Bb2 e6 4. e3 d5 5. c4 c6 6. Nc3 Bd6 7. Be2 Nbd7 8. cxd5
exd5 9. Rc1 Ne5 10. Nxe5 Bxe5 11. Bh5+ Nxh5 12. Qxh5+ g6 13. Qe2 O-O 14. O-O f4
15. exf4 Bxf4 16. Qd3 Qg5 17. g3 Bh3 18. Rfd1 Bc7 19. Na4 Rf5 20. Nc5 Qe7 21.
Re1 Qf7 22. Qd4 Re5 23. Rxe5 Qf3 24. Re8+ Kf7 25. Qg7+ Kxe8 26. Re1+ Be5 27.
Rxe5+ Kd8 28. Qe7+ Kc8 29. Qxb7+ Kd8 30. Qxa8+ Kc7 31. Qb7+ Kd6 32. Qb8+ Kxc5
33. d4# 1-0

[Event "I Open Re Autunno"]
[Site "Ghedi ITA"]
[Date "2014.11.09"]
[Round "2"]
[White "Paglia, Angelo"]
[Black "Poletti, Fausto"]
[WhiteElo "1694"]
[BlackElo "1912"]
[Result "0-1"]
[PlyCount "120"]
[EventDate "2014.11.08"]

1. d4 Nf6 2. c4 g6 3. Nc3 Bg7 4. e4 d6 5. f3 O-O 6. h4 h5 7. Be3 Na6 8. Qd2 c5
9. Nge2 cxd4 10. Nxd4 Nc5 11. Be2 Bd7 12. Nc2 b6 13. Nb4 Rc8 14. Nbd5 Nxd5 15.
Nxd5 Be6 16. Rc1 Qd7 17. b3 Rfd8 18. Bd4 Bxd4 19. Qxd4 Bxd5 20. exd5 e5 21. Qe3
f5 22. Qg5 Qg7 23. b4 Nd7 24. g4 hxg4 25. fxg4 Rf8 26. h5 gxh5 27. Rxh5 f4 28.
Qxg7+ Kxg7 29. Bd3 Nf6 30. Rg5+ Kf7 31. Rf5 Ke7 32. g5 Nh5 33. Rxf8 Rxf8 34.
Kf2 Rg8 35. g6 Ng3 36. c5 bxc5 37. bxc5 dxc5 38. Rxc5 e4 39. Bc4 Rxg6 40. Rc7+
Kd8 41. Rf7 Nh1+ 42. Kf1 f3 43. Rf4 f2 44. Rxf2 Nxf2 45. Kxf2 Ke7 46. Ke3 Rg4
47. Be2 Rh4 48. Bc4 Kd6 49. Bb3 Ke5 50. Ke2 Rh2+ 51. Ke3 Rh3+ 52. Ke2 Rd3 53.
Bc4 Rd4 54. Bb3 a5 55. a4 Rb4 56. Bd1 Kxd5 57. Ke3 Ke5 58. Bc2 Rc4 59. Bd1 Rc3+
60. Kd2 Kd4 0-1

[Event "I Open Re Autunno"]
[Site "Ghedi ITA"]
[Date "2014.11.09"]
[Round "3"]
[White "Brugaletta, Alessandro"]
[Black "Paglia, Angelo"]
[WhiteElo "1455"]
[BlackElo "1694"]
[Result "1/2-1/2"]
[PlyCount "40"]
[EventDate "2014.11.08"]

1. e4 e5 2. Nf3 Nf6 3. d3 Nc6 4. c4 d6 5. Nc3 Be7 6. b3 O-O 7. a4 Nb4 8. Ba3
Na6 9. Be2 c6 10. O-O Nc7 11. Rb1 Re8 12. Re1 Bf8 13. Nd2 Ne6 14. Nf1 Nd4 15.
Ne3 Be6 16. Qd2 Nd7 17. Bg4 Qg5 18. Qd1 Nf6 19. Bxe6 Rxe6 20. Bc1 Qg6 1/2-1/2

[Event "I Open Re Autunno"]
[Site "Ghedi ITA"]
[Date "2014.11.09"]
[Round "3"]
[White "Folcini, Gaddo"]
[Black "Brugaletta, Giorgio"]
[WhiteElo "1609"]
[BlackElo "1702"]
[Result "0-1"]
[PlyCount "68"]
[EventDate "2014.11.08"]

1. e4 c5 2. b4 cxb4 3. Nf3 Nc6 4. d4 d5 5. e5 Bg4 6. Bb5 Rc8 7. O-O a6 8. Bxc6+
Rxc6 9. a3 e6 10. axb4 Bxb4 11. Ba3 Bxa3 12. Rxa3 Ne7 13. h3 Bf5 14. Nh4 Bxc2
15. Qg4 Ng6 16. Nxg6 Bxg6 17. h4 h5 18. Qf4 Bxb1 19. Rxb1 Qc7 20. Rg3 g6 21.
Rbb3 Qe7 22. Rg5 b5 23. Rbg3 a5 24. Qd2 b4 25. Qa2 Qa7 26. Qa4 Qb6 27. Rb3 O-O
28. Rbg3 Rc1+ 29. Kh2 Kh7 30. Rxg6 fxg6 31. Qd7+ Kh6 32. Qe7 Qd8 33. Qxe6 Qxh4+
34. Rh3 Qxf2 0-1

[Event "I Open Re Autunno"]
[Site "Ghedi ITA"]
[Date "2014.11.09"]
[Round "3"]
[White "Murli, Almerico"]
[Black "Fuccio, Sergio"]
[WhiteElo "1790"]
[BlackElo "1882"]
[Result "1/2-1/2"]
[PlyCount "35"]
[EventDate "2014.11.08"]

1. e4 e5 2. Nf3 Nc6 3. d4 exd4 4. Nxd4 Bb4+ 5. c3 Be7 6. Bd3 Nf6 7. O-O O-O 8.
Be3 d6 9. h3 Ne5 10. f4 Nxd3 11. Qxd3 c5 12. Nf3 b6 13. c4 Bb7 14. Nc3 Re8 15.
Nd5 Bf8 16. e5 Nxd5 17. cxd5 dxe5 18. fxe5 1/2-1/2

[Event "I Open Re Autunno"]
[Site "Ghedi ITA"]
[Date "2014.11.09"]
[Round "3"]
[White "Pesci, Silvio"]
[Black "Peloni, Davide"]
[WhiteElo "1425"]
[BlackElo "1425"]
[Result "1-0"]
[PlyCount "85"]
[EventDate "2014.11.08"]

1. e4 e5 2. Nf3 Nc6 3. Bb5 Bc5 4. Qe2 Nge7 5. O-O O-O 6. c3 d6 7. Rd1 Bg4 8. d3
f5 9. Nbd2 fxe4 10. dxe4 a6 11. Bc4+ Kh8 12. Rf1 d5 13. exd5 Nxd5 14. h3 Bh5
15. Qe1 b5 16. Be2 Nf4 17. Ne4 Bb6 18. Be3 Bxf3 19. Bxf3 Bxe3 20. fxe3 Nd3 21.
Qe2 Rf7 22. Ng3 Na5 23. Bxa8 Rxf1+ 24. Rxf1 Nc4 25. Qxd3 Qxa8 26. b3 Nd6 27.
Nf5 Nf7 28. Ne7 Nd6 29. Qd5 Qe8 30. Qxe5 Nf7 31. Ng6+ hxg6 32. Qxe8+ Kh7 33.
Qxf7 c5 34. Rf4 g5 35. Qh5+ Kg8 36. Qxg5 a5 37. Qd5+ Kh7 38. Rh4+ Kg6 39. Qh5+
Kf6 40. Rf4+ Ke7 41. Qe5+ Kd7 42. Rf7+ Kc6 43. Qe6# 1-0

[Event "I Open Re Autunno"]
[Site "Ghedi ITA"]
[Date "2014.11.15"]
[Round "4"]
[White "Brugaletta, Giorgio"]
[Black "Rrasa, Elvan"]
[WhiteElo "1702"]
[BlackElo "1698"]
[Result "1/2-1/2"]
[PlyCount "47"]
[EventDate "2014.11.08"]

1. e4 e6 2. Nf3 d5 3. e5 c5 4. d4 Nc6 5. c3 Bd7 6. Be2 Nge7 7. O-O Ng6 8. Be3
c4 9. Re1 b5 10. Nbd2 Be7 11. Nf1 a5 12. Ng3 h5 13. Nd2 h4 14. Nh5 Rh7 15. Qc2
Qc7 16. Nf4 O-O-O 17. b3 Nf8 18. bxc4 bxc4 19. Nh3 f6 20. Rab1 Be8 21. Nf4 Bf7
22. Qa4 Be8 23. Qc2 Bf7 24. Qa4 1/2-1/2

[Event "I Open Re Autunno"]
[Site "Ghedi ITA"]
[Date "2014.11.15"]
[Round "4"]
[White "Fuccio, Sergio"]
[Black "Poletti, Fausto"]
[WhiteElo "1882"]
[BlackElo "1912"]
[Result "0-1"]
[PlyCount "56"]
[EventDate "2014.11.08"]

1. b3 d5 2. Bb2 c5 3. e3 Nc6 4. Nf3 e6 5. d4 Nf6 6. Be2 Be7 7. O-O O-O 8. a3 a6
9. c4 b6 10. Nc3 Bb7 11. cxd5 exd5 12. Rc1 Ne4 13. Nxe4 dxe4 14. Nd2 cxd4 15.
Nxe4 dxe3 16. Bd3 exf2+ 17. Rxf2 f5 18. Bc4+ Kh8 19. Rd2 Qe8 20. Ng3 Bc5+ 21.
Kh1 Be3 22. Nh5 Ne5 23. Rd7 Be4 24. Bxe5 Qxe5 25. Ra1 Bh6 26. Bd5 Rad8 27. Bxe4
Rxd7 28. Qxd7 Qxa1+ 0-1

[Event "I Open Re Autunno"]
[Site "Ghedi ITA"]
[Date "2014.11.15"]
[Round "4"]
[White "Murli, Almerico"]
[Black "Fausti, Mattia"]
[WhiteElo "1790"]
[BlackElo "1466"]
[Result "1-0"]
[PlyCount "41"]
[EventDate "2014.11.08"]

1. e4 e5 2. Nf3 Nc6 3. d4 exd4 4. Nxd4 Bc5 5. Nxc6 Qf6 6. Qd2 Qxc6 7. Nc3 Bb4
8. Bd3 Nf6 9. O-O O-O 10. Re1 Re8 11. f3 b6 12. a3 Bxc3 13. bxc3 Bb7 14. Rb1
Re7 15. Bb2 Rae8 16. c4 d6 17. Bxf6 gxf6 18. Qh6 Qc5+ 19. Kh1 Qg5 20. Qxg5+
fxg5 21. g4 1-0

[Event "I Open Re Autunno"]
[Site "Ghedi ITA"]
[Date "2014.11.15"]
[Round "4"]
[White "Peloni, Davide"]
[Black "Brugaletta, Alessandro"]
[WhiteElo "1425"]
[BlackElo "1455"]
[Result "1-0"]
[PlyCount "51"]
[EventDate "2014.11.08"]

1. e4 e5 2. d4 f6 3. Bc4 a6 4. dxe5 fxe5 5. Qh5+ g6 6. Qxe5+ Qe7 7. Qxh8 Qxe4+
8. Kd1 Qxc4 9. Nf3 Qd5+ 10. Bd2 Qf7 11. Re1+ Kd8 12. Bg5+ Ne7 13. Bxe7+ Qxe7
14. Rxe7 Kxe7 15. Qxh7+ Kd8 16. Nc3 Nc6 17. Qxg6 Ne7 18. Qf6 Ke8 19. Ne5 c6 20.
Qf7+ Kd8 21. Qxf8+ Kc7 22. Qxe7 b5 23. Ne4 Bb7 24. Qd6+ Kb6 25. Nxd7+ Ka7 26.
Qc5# 1-0

[Event "I Open Re Autunno"]
[Site "Ghedi ITA"]
[Date "2014.11.16"]
[Round "5"]
[White "Brugaletta, Alessandro"]
[Black "Fausti, Mattia"]
[WhiteElo "1455"]
[BlackElo "1466"]
[Result "0-1"]
[PlyCount "134"]
[EventDate "2014.11.08"]

1. e4 e5 2. Nf3 Nc6 3. c4 Nf6 4. d3 h6 5. Nc3 Bc5 6. Be2 d6 7. O-O O-O 8. Nd2
Nd7 9. Bg4 a6 10. Na4 Ba7 11. Kh1 Nc5 12. Bxc8 Rxc8 13. Nxc5 Bxc5 14. Nb3 Bd4
15. Nxd4 Nxd4 16. f4 f6 17. f5 c5 18. Qg4 Kf7 19. Qg6+ Ke7 20. Qxg7+ Rf7 21.
Qxh6 Nc2 22. Rb1 Nb4 23. Rf3 Nxa2 24. g4 Qh8 25. Qxh8 Rxh8 26. Bd2 Rfh7 27. Rf2
Nb4 28. Bxb4 cxb4 29. Ra1 Rh3 30. Rd1 a5 31. b3 Kd7 32. Rfd2 Kc6 33. Rg1 b5 34.
Rc1 Rg8 35. Kg2 Rgh8 36. cxb5+ Kxb5 37. Kh1 Rg8 38. Kg2 Rgh8 39. Kh1 Rg8 40.
Rg1 a4 41. bxa4+ Kxa4 42. d4 Re3 43. dxe5 dxe5 44. Ra1+ Kb3 45. Rb1+ Kc3 46.
Rdd1 Kc4 47. Re1 Rxe1+ 48. Rxe1 Rxg4 49. h3 Rh4 50. Kh2 b3 51. Rc1+ Kd3 52. Rc6
b2 53. Rb6 Kc2 54. Rc6+ Kb1 55. Rxf6 Rxe4 56. Re6 Re2+ 57. Kg3 Kc1 58. Rc6+ Rc2
59. Rb6 b1=Q 60. Rxb1+ Kxb1 61. Kh4 Rf2 62. Kg5 e4 63. h4 e3 64. h5 e2 65. h6
e1=Q 66. h7 Rg2+ 67. Kf6 Qh4+ 0-1

[Event "I Open Re Autunno"]
[Site "Ghedi ITA"]
[Date "2014.11.16"]
[Round "5"]
[White "Fuccio, Sergio"]
[Black "Brugaletta, Giorgio"]
[WhiteElo "1882"]
[BlackElo "1702"]
[Result "0-1"]
[PlyCount "70"]
[EventDate "2014.11.08"]

1. e3 e5 2. b3 d5 3. Bb2 Nc6 4. h3 Nf6 5. Nf3 Bd6 6. c4 O-O 7. Be2 e4 8. Nd4
Nxd4 9. Bxd4 c5 10. Bb2 Qe7 11. cxd5 Nxd5 12. Nc3 Nxc3 13. Bxc3 Qg5 14. Qc2 Re8
15. O-O-O a6 16. h4 Qe7 17. f3 b5 18. fxe4 Bb7 19. d3 c4 20. dxc4 Bxe4 21. Bd3
Bxd3 22. Rxd3 bxc4 23. bxc4 Rac8 24. Bd4 h6 25. g4 Qe6 26. Rc3 Bb4 27. c5 Bxc3
28. Qxc3 Qxg4 29. e4 g6 30. Bh8 Rxc5 31. Qxc5 Rc8 32. Qxc8+ Qxc8+ 33. Kd2 Kxh8
34. Re1 Qd7+ 35. Ke3 Qh3+ 0-1

[Event "I Open Re Autunno"]
[Site "Ghedi ITA"]
[Date "2014.11.16"]
[Round "5"]
[White "Poletti, Fausto"]
[Black "Murli, Almerico"]
[WhiteElo "1912"]
[BlackElo "1790"]
[Result "1-0"]
[PlyCount "57"]
[EventDate "2014.11.08"]

1. c4 g6 2. Nc3 Bg7 3. Nf3 Nc6 4. e3 e5 5. d4 d6 6. Be2 Nf6 7. O-O O-O 8. a3 a5
9. b3 Bd7 10. Bb2 Ne8 11. Qd2 Qe7 12. Nd5 Qd8 13. dxe5 dxe5 14. Rad1 e4 15. Ne1
Be6 16. Bxg7 Nxg7 17. Qc3 f5 18. Nb6 Qe8 19. Nxa8 Qxa8 20. f4 Qe8 21. Nc2 b6
22. Nd4 Bf7 23. b4 axb4 24. axb4 Ne6 25. Nxe6 Bxe6 26. c5 Qb8 27. Bc4 Qc8 28.
cxb6 cxb6 29. Rd6 1-0

[Event "I Open Re Autunno"]
[Site "Ghedi ITA"]
[Date "2014.11.16"]
[Round "5"]
[White "Rrasa, Elvan"]
[Black "Paglia, Angelo"]
[WhiteElo "1698"]
[BlackElo "1694"]
[Result "1-0"]
[PlyCount "93"]
[EventDate "2014.11.08"]

1. e4 c5 2. f4 e6 3. Nc3 Nc6 4. Bc4 g6 5. a3 Bg7 6. Nf3 a6 7. a4 Nge7 8. Ne2 d5
9. exd5 exd5 10. Ba2 Qb6 11. c3 Be6 12. d4 O-O 13. Qb3 Qxb3 14. Bxb3 c4 15. Bc2
b5 16. Bd2 Bf5 17. Kd1 Bxc2+ 18. Kxc2 Nf5 19. Ne5 Nxe5 20. fxe5 Rfe8 21. Nf4
Ne7 22. Rhe1 Bh6 23. Nxd5 Bxd2 24. Nxe7+ Rxe7 25. Kxd2 Rb8 26. Rf1 b4 27. Rab1
a5 28. Rf6 Re6 29. Rxe6 fxe6 30. Rf1 bxc3+ 31. Kxc3 Rb3+ 32. Kxc4 Rxb2 33. Kc3
Rxg2 34. d5 exd5 35. Kd3 Rg5 36. Kd4 Rf5 37. Rh1 Rf4+ 38. Kxd5 Rxa4 39. Rf1 Ra2
40. e6 Rxh2 41. e7 Re2 42. Rf8+ Kg7 43. e8=Q Rxe8 44. Rxe8 h5 45. Ke5 h4 46.
Kf4 Kf6 47. Kg4 1-0

[Event "I Open Re Autunno"]
[Site "Ghedi ITA"]
[Date "2014.11.16"]
[Round "6"]
[White "Fausti, Mattia"]
[Black "Fuccio, Sergio"]
[WhiteElo "1466"]
[BlackElo "1882"]
[Result "0-1"]
[PlyCount "52"]
[EventDate "2014.11.08"]

1. d4 f5 2. Nf3 Nf6 3. e3 e6 4. Bd3 Nc6 5. Qe2 Nb4 6. a3 Nxd3+ 7. Qxd3 b6 8. c4
Bb7 9. Nbd2 d5 10. cxd5 Bxd5 11. O-O Bd6 12. Ne1 Ne4 13. f3 Nxd2 14. Bxd2 O-O
15. Nc2 a5 16. e4 Bb7 17. Qe3 f4 18. Qb3 Qd7 19. Ne1 a4 20. Qc3 c5 21. dxc5
Bxc5+ 22. Kh1 Ba6 23. Nc2 Bxf1 24. Rxf1 Rad8 25. Bc1 Qd3 26. Qxd3 Rxd3 0-1

[Event "I Open Re Autunno"]
[Site "Ghedi ITA"]
[Date "2014.11.16"]
[Round "6"]
[White "Paglia, Angelo"]
[Black "Murli, Almerico"]
[WhiteElo "1694"]
[BlackElo "1790"]
[Result "1-0"]
[PlyCount "47"]
[EventDate "2014.11.08"]

1. e4 g6 2. d4 Bg7 3. c4 d6 4. Nc3 Nf6 5. f3 O-O 6. Be3 e5 7. Nge2 Nbd7 8. d5
Nc5 9. Qd2 a5 10. Bg5 h6 11. Be3 Nfd7 12. g4 Qh4+ 13. Ng3 Nb6 14. Nb5 f5 15.
gxf5 gxf5 16. Bf2 Qe7 17. Bxc5 dxc5 18. d6 cxd6 19. Qxd6 Qxd6 20. Nxd6 fxe4 21.
fxe4 Rb8 22. Ngf5 Be6 23. Rg1 Bxf5 24. Nxf5 1-0

[Event "I Open Re Autunno"]
[Site "Ghedi ITA"]
[Date "2014.11.16"]
[Round "6"]
[White "Peloni, Davide"]
[Black "Folcini, Gaddo"]
[WhiteElo "1425"]
[BlackElo "1609"]
[Result "0-1"]
[PlyCount "38"]
[EventDate "2014.11.08"]

1. e4 e5 2. d4 exd4 3. c3 d5 4. Qxd4 Be6 5. Bf4 Nc6 6. Qd3 Nf6 7. Nd2 Bc5 8. b4
Bb6 9. Qc2 O-O 10. Rd1 Ng4 11. Nh3 Qf6 12. f3 Nf2 13. e5 Nxe5 14. Ng5 Bf5 15.
Qb3 Nfd3+ 16. Bxd3 Nxd3+ 17. Kf1 Nxf4 18. h4 Bd3+ 19. Ke1 Nxg2# 0-1

[Event "I Open Re Autunno"]
[Site "Ghedi ITA"]
[Date "2014.11.16"]
[Round "6"]
[White "Poletti, Fausto"]
[Black "Rrasa, Elvan"]
[WhiteElo "1912"]
[BlackElo "1698"]
[Result "1/2-1/2"]
[PlyCount "46"]
[EventDate "2014.11.08"]

1. e4 b6 2. d4 Bb7 3. Bd3 e6 4. Be3 d6 5. Ne2 Nd7 6. Nd2 a6 7. O-O Ngf6 8. f3
Rc8 9. c3 c5 10. Rc1 Be7 11. Ng3 O-O 12. Qe2 Kh8 13. Rfd1 Rg8 14. a3 b5 15. b4
c4 16. Bc2 g5 17. Ra1 Qf8 18. a4 Ra8 19. a5 h5 20. Rf1 h4 21. Nh1 e5 22. Nf2
Qh6 23. h3 Ne8 1/2-1/2

[Event "LVI Festival A"]
[Site "Imperia ITA"]
[Date "2014.08.31"]
[Round "1"]
[White "Bucek, Eduard"]
[Black "Molina, Fabrizio"]
[WhiteElo "2045"]
[BlackElo "2227"]
[Result "0-1"]
[PlyCount "50"]
[EventDate "2014.08.31"]

1. e4 d6 2. d4 Nf6 3. Nc3 Nbd7 4. Nf3 e5 5. Bc4 Be7 6. Qe2 O-O 7. dxe5 Nxe5 8.
Nxe5 dxe5 9. Bd2 c6 10. Bb3 Nd7 11. a4 Nc5 12. Ba2 Qd6 13. O-O-O Qc7 14. Be3
Ne6 15. Rd2 Bb4 16. Qc4 Qa5 17. Bb3 Nc7 18. Kb1 Be6 19. Qd3 b5 20. Rhd1 bxa4
21. Bxe6 Nxe6 22. Qc4 a3 23. Rd5 cxd5 24. Rxd5 Rac8 25. Qb3 Nc5 0-1

[Event "LVI Festival A"]
[Site "Imperia ITA"]
[Date "2014.08.31"]
[Round "1"]
[White "Cugini, Verter"]
[Black "Dragojlovic, Andjelko"]
[WhiteElo "2079"]
[BlackElo "2295"]
[Result "0-1"]
[PlyCount "53"]
[EventDate "2014.08.31"]

1. e4 c5 2. g3 g6 3. Bg2 Bg7 4. Ne2 Nc6 5. O-O Nf6 6. Nbc3 O-O 7. d3 d6 8. h3
Rb8 9. Be3 b5 10. d4 cxd4 11. Nxd4 Ne5 12. b3 b4 13. Nd5 Bb7 14. f4 Nxd5 15.
exd5 Nd7 16. a3 Nb6 17. Nc6 Bxc6 18. dxc6 Nc8 19. Bd4 Bxd4+ 20. Qxd4 bxa3 21.
Rxa3 Qc7 22. Kh2 e6 23. c4 Rd8 24. Rd1 h5 25. Qf6 Ne7 26. f5 Nxf5 27. Ra5 0-1

[Event "LVI Festival A"]
[Site "Imperia ITA"]
[Date "2014.08.31"]
[Round "1"]
[White "Dolezal, Radoslav jr"]
[Black "Raineri, Valerio"]
[WhiteElo "2357"]
[BlackElo "2104"]
[Result "1-0"]
[PlyCount "53"]
[EventDate "2014.08.31"]

1. d4 Nf6 2. Nf3 g6 3. Bg5 Bg7 4. Nbd2 d6 5. e4 Nfd7 6. c3 h6 7. Be3 O-O 8. Bc4
Nc6 9. O-O e5 10. a3 Qe7 11. h3 Kh7 12. Re1 f5 13. exf5 gxf5 14. dxe5 dxe5 15.
Qc2 Kh8 16. g3 e4 17. Nh4 Nde5 18. f4 exf3 19. Ndxf3 Nxf3+ 20. Nxf3 Qd6 21. Qf2
b6 22. Bf4 Qg6 23. Nh4 Qh5 24. Qe2 Qxe2 25. Ng6+ Kh7 26. Nxf8+ Bxf8 27. Rxe2
1-0

[Event "LVI Festival A"]
[Site "Imperia ITA"]
[Date "2014.08.31"]
[Round "1"]
[White "Jurek, Josef"]
[Black "Cayla, Jonathan"]
[WhiteElo "2295"]
[BlackElo "2078"]
[Result "1-0"]
[PlyCount "107"]
[EventDate "2014.08.31"]

1. Nf3 d5 2. c4 c6 3. g3 Nf6 4. Bg2 Bf5 5. cxd5 cxd5 6. Qb3 Qb6 7. Qxb6 axb6 8.
Nc3 Nc6 9. d3 e5 10. O-O h6 11. e4 dxe4 12. dxe4 Nxe4 13. Re1 Nxc3 14. Nxe5
Nxe5 15. Rxe5+ Be6 16. bxc3 Bd6 17. Rb5 Bc5 18. Bxb7 Rxa2 19. Rxa2 Bxa2 20. Be3
Bc4 21. Bc6+ Ke7 22. Bxc5+ bxc5 23. Rxc5 Be6 24. Bf3 Rd8 25. Re5 Kd6 26. Re3
Kc5 27. h4 Rd2 28. Kg2 Kc4 29. g4 Rc2 30. Be2+ Kc5 31. Kg3 g5 32. h5 Rc1 33. f3
Rg1+ 34. Kf2 Rc1 35. Ba6 Kb6 36. Bf1 Kc5 37. Be2 Rc2 38. Ke1 Bd5 39. Bd1 Rh2
40. Be2 f5 41. Re5 fxg4 42. c4 g3 43. Rxd5+ Kc6 44. Rd2 Rxh5 45. Bf1 Rh2 46.
Rg2 Rxg2 47. Bxg2 Kc5 48. Bf1 h5 49. Bd3 Kd4 50. Kf1 h4 51. Kg2 Kc5 52. Bf1 Kd4
53. Kh3 Ke3 54. Bg2 1-0

[Event "LVI Festival A"]
[Site "Imperia ITA"]
[Date "2014.08.31"]
[Round "1"]
[White "Ljubisavljevic, Zivojin Z."]
[Black "Mueller, Ralf"]
[WhiteElo "2132"]
[BlackElo "2376"]
[Result "1/2-1/2"]
[PlyCount "81"]
[EventDate "2014.08.31"]

1. e4 e5 2. Nf3 Nc6 3. Nc3 Nf6 4. d4 exd4 5. Nxd4 Bb4 6. Nxc6 bxc6 7. Bd3 d5 8.
exd5 cxd5 9. O-O O-O 10. Bg5 c6 11. Qf3 Bd6 12. Bxf6 Qxf6 13. Qxf6 gxf6 14. Ne2
Re8 15. h3 c5 16. Bb5 Re7 17. Nc3 Rb8 18. Bc6 Rxb2 19. Nxd5 Re6 20. Rab1 Rxc2
21. Ne3 Rd2 22. Rfd1 Rxd1+ 23. Rxd1 Bf8 24. Bd7 Bxd7 25. Rxd7 Ra6 26. Rd2 h5
27. Nf5 Kh7 28. g4 hxg4 29. hxg4 Ra4 30. f3 c4 31. Rc2 Bc5+ 32. Kg2 c3 33. Rxc3
Rxa2+ 34. Kg3 Bb6 35. f4 Rd2 36. Kf3 Rd7 37. Ke4 Rc7 38. Rh3+ Kg8 39. Nh6+ Kg7
40. Nf5+ Kg8 41. Nh6+ 1/2-1/2

[Event "LVI Festival A"]
[Site "Imperia ITA"]
[Date "2014.08.31"]
[Round "1"]
[White "Luciani, Valerio"]
[Black "Ruffini, Pierluigi"]
[WhiteElo "2206"]
[BlackElo "1950"]
[Result "1/2-1/2"]
[PlyCount "80"]
[EventDate "2014.08.31"]

1. c4 e5 2. Nc3 Nf6 3. g3 c6 4. Nf3 d6 5. Bg2 Be7 6. d4 exd4 7. Nxd4 Bd7 8. h3
Na6 9. e4 Nc7 10. Be3 Rb8 11. Qe2 c5 12. Ndb5 Nxb5 13. cxb5 Qa5 14. O-O O-O 15.
Rfd1 Rfe8 16. f4 Bf8 17. a4 a6 18. Qc2 Rbd8 19. g4 Bc8 20. Bf2 Be6 21. f5 Bc8
22. Bg3 h6 23. Bf3 Rd7 24. h4 Nh7 25. Qb3 Qd8 26. Kh2 b6 27. bxa6 Bxa6 28. Nd5
Nf6 29. Nxf6+ gxf6 30. Rd2 Bb7 31. Qd3 Qa8 32. Re2 Ba6 33. Qc2 Bxe2 34. Qxe2 d5
35. Qb5 Qd8 36. exd5 Bd6 37. Rd1 Bxg3+ 38. Kxg3 Re3 39. Kf2 Qe7 40. d6 Rxf3+
1/2-1/2

[Event "LVI Festival A"]
[Site "Imperia ITA"]
[Date "2014.08.31"]
[Round "1"]
[White "Manfredi, Vincenzo"]
[Black "De Barberis, Massimo"]
[WhiteElo "2243"]
[BlackElo "2070"]
[Result "0-1"]
[PlyCount "58"]
[EventDate "2014.08.31"]

1. d4 Nf6 2. Nf3 e6 3. Bg5 h6 4. Bh4 d6 5. c4 g5 6. Bg3 Ne4 7. Nc3 Nxg3 8. hxg3
Bg7 9. e3 Nc6 10. Be2 Bd7 11. Nd2 Ne7 12. Bf3 Bc6 13. Rc1 Bxf3 14. Qxf3 c6 15.
g4 d5 16. cxd5 exd5 17. O-O O-O 18. Nb3 Qd6 19. Ne2 f5 20. gxf5 Nxf5 21. Qg4
Rae8 22. Nc5 b6 23. Nd3 Re4 24. f4 Nxe3 25. Qf3 Nxf1 26. Rxf1 Bxd4+ 27. Nxd4
Rxd4 28. f5 c5 29. f6 Qe6 0-1

[Event "LVI Festival A"]
[Site "Imperia ITA"]
[Date "2014.08.31"]
[Round "1"]
[White "Passerotti, Pierluigi"]
[Black "Faraci, Antonino"]
[WhiteElo "2226"]
[BlackElo "2027"]
[Result "1-0"]
[PlyCount "55"]
[EventDate "2014.08.31"]

1. d4 d5 2. c4 e6 3. Nc3 Nf6 4. Bg5 Be7 5. e3 O-O 6. Nf3 a6 7. c5 b6 8. b4 Ne4
9. Bxe7 Qxe7 10. Qc2 Bb7 11. Bd3 f5 12. Ne5 a5 13. cxb6 axb4 14. Nb5 cxb6 15.
Qc7 Qxc7 16. Nxc7 Ra3 17. Nxe6 Re8 18. Nf4 Nc6 19. Bb5 Rxe5 20. dxe5 Nxe5 21.
O-O Nc3 22. Be8 g6 23. Rfb1 Nxb1 24. Rxb1 Rxa2 25. h3 g5 26. Ne6 Nd3 27. Nxg5
d4 28. Bf7+ 1-0

[Event "LVI Festival A"]
[Site "Imperia ITA"]
[Date "2014.08.31"]
[Round "1"]
[White "Pepino, Enrico"]
[Black "Morselli, Stefano"]
[WhiteElo "2193"]
[BlackElo "1871"]
[Result "0-1"]
[PlyCount "28"]
[EventDate "2014.08.31"]

1. e4 d6 2. d4 Nf6 3. Nc3 g6 4. f4 Bg7 5. Nf3 c5 6. dxc5 Qa5 7. Bd3 Qxc5 8. Qe2
Bg4 9. Be3 Bxf3 10. Qxf3 Qb4 11. O-O Nc6 12. a3 Qa5 13. b4 Qh5 14. Rad1 Ng4 0-1

[Event "LVI Festival A"]
[Site "Imperia ITA"]
[Date "2014.08.31"]
[Round "1"]
[White "Petran, Peter"]
[Black "Ahner, Thomas"]
[WhiteElo "2327"]
[BlackElo "2093"]
[Result "1/2-1/2"]
[PlyCount "41"]
[EventDate "2014.08.31"]

1. g3 d5 2. Nf3 Nf6 3. Bg2 Bf5 4. d3 h6 5. b3 c5 6. Bb2 e6 7. Nbd2 Be7 8. Ne5
O-O 9. e4 Bh7 10. O-O Nbd7 11. Nxd7 Qxd7 12. Qe2 Rfe8 13. Rfe1 Red8 14. Rad1 b5
15. a3 c4 16. dxc4 bxc4 17. bxc4 dxc4 18. Nxc4 Qa4 19. Ne3 Bxe4 20. Rxd8+ Rxd8
21. Bxe4 1/2-1/2

[Event "LVI Festival A"]
[Site "Imperia ITA"]
[Date "2014.08.31"]
[Round "1"]
[White "Seyfried, Claus"]
[Black "Jirovsky, Milos"]
[WhiteElo "2180"]
[BlackElo "2466"]
[Result "0-1"]
[PlyCount "47"]
[EventDate "2014.08.31"]

1. e4 d5 2. exd5 Qxd5 3. Nc3 Qd6 4. d4 Nf6 5. Nf3 c6 6. Bd3 Bg4 7. Be3 Nbd7 8.
h3 Bh5 9. g4 Bg6 10. Bxg6 hxg6 11. Bg5 Qb4 12. O-O e6 13. Qd3 Nb6 14. b3 Be7
15. Rae1 Rd8 16. Ne2 Nbd5 17. Bd2 Qb6 18. c4 Nb4 19. Qb1 Rd7 20. Bf4 c5 21.
dxc5 Bxc5 22. Ng3 O-O 23. a3 Nd3 24. b4 0-1

[Event "LVI Festival A"]
[Site "Imperia ITA"]
[Date "2014.08.31"]
[Round "1"]
[White "Wunder, Fabian"]
[Black "Mollero, Michele"]
[WhiteElo "1600"]
[BlackElo "2215"]
[Result "0-1"]
[PlyCount "80"]
[EventDate "2014.08.31"]

1. d4 d5 2. c4 dxc4 3. e3 Nf6 4. Bxc4 e6 5. Nf3 a6 6. O-O c5 7. dxc5 Bxc5 8.
Qxd8+ Kxd8 9. a3 b5 10. Be2 Bb7 11. b4 Bd6 12. Bb2 Ke7 13. Nbd2 Nbd7 14. Nd4
Rhc8 15. N2b3 Nb6 16. Na5 Bd5 17. Rac1 Na4 18. Ndc6+ Kd7 19. Ne5+ Ke8 20. Bd4
Ne4 21. Nec6 f6 22. f3 Nd2 23. Rfd1 Nb3 24. Nxb3 Bxb3 25. Re1 e5 26. Ba1 Bc7
27. f4 Bb6 28. Bg4 Rc7 29. Kh1 Bd5 30. Na5 Rxc1 31. Rxc1 Bxe3 32. Rd1 Rd8 33.
fxe5 f5 34. Bf3 Bxf3 35. Rxd8+ Kxd8 36. gxf3 Kd7 37. Nb7 Bc1 38. Nd6 g6 39. Nf7
Ke7 40. Nd6 Bxa3 0-1

[Event "LVI Festival A"]
[Site "Imperia ITA"]
[Date "2014.08.31"]
[Round "1"]
[White "Wunder, Niklas"]
[Black "Poloch, Petr"]
[WhiteElo "1600"]
[BlackElo "2280"]
[Result "1/2-1/2"]
[PlyCount "50"]
[EventDate "2014.08.31"]

1. d4 Nf6 2. c4 e6 3. g3 d5 4. Nf3 dxc4 5. Bg2 Nc6 6. Qa4 Bb4+ 7. Bd2 Nd5 8.
Bxb4 Ndxb4 9. Ne5 O-O 10. Nxc6 Nxc6 11. e3 Rb8 12. Qxc4 Na5 13. Qc3 b6 14. b4
Bb7 15. O-O Bxg2 16. Kxg2 Nb7 17. Nd2 c5 18. bxc5 bxc5 19. dxc5 Qd5+ 20. e4
Qxc5 21. Rac1 Qxc3 22. Rxc3 Rfd8 23. Nb3 Nd6 24. f3 Nb5 25. Rc4 g6 1/2-1/2